Weiter zum Inhalt
Inicio
Centros participantes
Catálogo
Servicios
Contacto
Login
English
Deutsch
Español
Français
Italiano
日本語
Nederlands
Português
Português (Brasil)
中文(简体)
中文(繁體)
Türkçe
עברית
Gaeilge
Cymraeg
Ελληνικά
Català
Euskara
Русский
Čeština
Suomi
Svenska
polski
Dansk
slovenščina
اللغة العربية
বাংলা
Galego
Tiếng Việt
Hrvatski
हिंदी
Հայերէն
Українська
Sámegiella
Sprache
Alle Felder
Titel
Verfasser
Schlagwort
Signatur
ISBN/ISSN
Tag
Suchen
Erweitert
Seminario Internacional sobre...
Zitieren
Als E-Mail versenden
Drucken
Datensatz exportieren
Exportieren nach RefWorks
Exportieren nach EndNoteWeb
Exportieren nach EndNote
Zu den Favoriten
Persistenter Link
Erste Bewertung abgeben
Seminario Internacional sobre Estado y Derecho en un período de transformación
Gespeichert in:
Bibliographische Detailangaben
Format:
Text
Schlagworte:
POLITICA
ESTADO
DERECHO
TEORIA
CHILE
Tags:
Tag hinzufügen
Keine Tags, Fügen Sie den ersten Tag hinzu!
Exemplare
Beschreibung
Kommentare
Ähnliche Einträge
Internformat
MARC
LEADER
00000 a a2200000 04500
001
11066
003
040
245
|a
Seminario Internacional sobre Estado y Derecho en un período de transformación
650
|a
POLITICA
650
|a
ESTADO
650
|a
DERECHO
650
|a
TEORIA
650
|a
CHILE
773
|g
volumen 8, número 22; páginas 211-223
999
|c
31665
|d
31665
Ähnliche Einträge
La problemática actual del Estado y del derecho en Chile /
von: Lechner, Norberto
El derecho internacional humanitario y las operaciones de mantenimiento de la paz de las Naciones Unidas /
von: Marowski, Carl
Derecho internacional, impunidad y responsabilidad del Estado /
von: Faúndez Ledesma, Héctor
II Seminario Interamericano sobre Seguridad del Estado, Derecho Humanitario y Derechos Humanos en Centro América /
Veröffentlicht: (1985)
Los Derechos humanos y el estado de derecho en Honduras: teoría y realidad /
von: Mejía Rivera, Joaquín A.
Veröffentlicht: (2007)